| 000 | 00373nam a22001337a 4500 | ||
|---|---|---|---|
| 082 |
_a891.411 _bBHI |
||
| 100 |
_aBhitai, Abdul Latif _946178 |
||
| 245 |
_aIllustrated verses of shah _cBhitai, Abdul Latif |
||
| 260 |
_aHyderabad, _bAli akbar soomro |
||
| 300 |
_a92p.: _bill,; _c30 cm. |
||
| 526 |
_a0 _b0 _c0 _d891_411000000000000_BHI |
||
| 650 |
_aMCE _9379 |
||
| 942 |
_2ddc _cBK |
||
| 999 |
_c549520 _d549520 |
||